[Event "Anti Cheating Blitz Cup"]
[Site "Chess.com INT"]
[Date "2020.05.20"]
[Round "5"]
[White "Remolar Gallen, Jose"]
[Black "Nguyen, Doan Giang"]
[Result "1/2-1/2"]
[WhiteElo "2361"]
[BlackElo "1519"]
[PlyCount "123"]
[EventDate "2020.05.20"]
[EventType "swiss (blitz)"]
[EventRounds "11"]
[EventCountry "USA"]
[SourceTitle "CBM 196 Extra"]
[Source "ChessBase"]
[SourceDate "2020.07.31"]
[SourceVersion "1"]
[SourceVersionDate "2020.07.31"]
[SourceQuality "1"]

1. d4 Nf6 2. c4 c5 3. d5 b5 4. cxb5 a6 5. bxa6 Bxa6 6. Nc3 g6 7. e4 Bxf1 8. Kxf1 Bg7 9. g3 0-0 10. Kg2 d6 11. Nf3 Qb6 12. Qe2 Qa6 13. Qxa6 Nxa6 14. Bf4 Rfb8 15. e5 dxe5 16. Bxe5 Rxb2 17. Rab1 Rxb1 18. Rxb1 Nb4 19. d6 exd6 20. Bxd6 Nd3 21. Na4 Ne4 22. Rb8+ Rxb8 23. Bxb8 Ndxf2 24. Nxc5 Nxc5 25. Kxf2 Na6 26. Bd6 f5 27. Ke3 Kf7 28. Ng5+ Kg8 29. Kd3 h6 30. Ne6 Bf6 31. Kc4 Kf7 32. Nf4 g5 33. Nd5 Ke6 34. Nxf6 Kxd6 35. Ng8 h5 36. h4 gxh4 37. gxh4 Ke5 38. a4 f4 39. Kd3 Kf5 40. Nh6+ Kg6 41. Ng8 Kf5 42. Nh6+ Ke5 43. a5 Nb4+ 44. Ke2 Ke4 45. Nf7 Kf5 46. Ng5 Kg4 47. Nf3 Na6 48. Kf2 Nc5 49. Kg2 Na6 50. Kf2 Kh3 51. Ke2 Kg3 52. Ne5 Kxh4 53. Kf3 Kg5 54. Nd3 h4 55. Nxf4 Kf5 56. Nh3 Ke5 57. Ke3 Kd5 58. Kd3 Kc5 59. Ke4 Kb5 60. Kf4 Kxa5 61. Kg4 Nb4 62. Kxh4 1/2-1/2